[Event "Ostersund Jamt Cup"]
[Site "Ostersund"]
[Date "2018.12.27"]
[Round "2"]
[White "Liljedahl, Lars"]
[Black "Westerlund, Berndt"]
[Result "0-1"]
[WhiteElo "1414"]
[BlackElo "1557"]
[PlyCount "64"]
[EventDate "2018.12.27"]
[EventType "swiss"]
[EventRounds "7"]
[EventCountry "SWE"]
[SourceTitle "CBM 188 Extra"]
[Source "ChessBase"]
[SourceDate "2019.02.26"]
[SourceVersion "1"]
[SourceVersionDate "2019.02.26"]
[SourceQuality "1"]

1. e4 e5 2. Nf3 Nc6 3. Bb5 Nge7 4. Nc3 g6 5. d3 h6 6. 0-0 Bg7 7. a3 0-0 8. Bc4 d6 9. h3 Kh7 10. Be3 f5 11. Nd5 Nd4 12. Nxd4 exd4 13. Bf4 fxe4 14. dxe4 Nxd5 15. Bxd5 Rxf4 16. Qd2 Be5 17. f3 Qg5 18. Kf2 Rg4 19. Qxg5 Rxg5 20. h4 Bg3+ 21. Ke2 Bxh4 22. Rh1 Bg3 23. Rad1 c5 24. Rd3 Bf4 25. Rg1 Be3 26. Rxe3 dxe3 27. Kxe3 Re5 28. f4 Re7 29. g4 Be6 30. Bxb7 Rb8 31. f5 Rbxb7 32. fxg6+ Kxg6 0-1